000 01716nam a2200325 i 4500
001 176932
003 ES-MaACL
005 20260211130738.0
008 110218s1912 sp a |||| | spa d
080 _a332.24(460)
080 _a323.333(460)
100 1 _aCosta, Joaquín,
_d1846-1911
_941054
245 1 3 _aLa tierra y la cuestión social /
_cpor D. Joaquín Costa Martínez.
260 _aMadrid :
_bBiblioteca Costa,
_c1912 (
_fImp. de Fortanet)
300 _a185 p., 1 retr. autor ;
_c21 cm.
490 1 _aBiblioteca económica ;
_v4
490 1 _aObras completas ;
_v23
505 8 _aContiene: El pueblo y la propiedad territorial ; Cuestión social agraria en Jerez ; Contra el hambre de la Litera ; La cuestión de las tierras a propósito del caso de La Solana ; Huertos comunales ; Concurrencia de jornal y huerta en Zaragoza ; Para la blusa y el calzón corto ; Sobre amnistía de los obreros ; La pobreza, fuente de esclavitud y de delito ; La cuestión del capital tierra ; El trabajo colectivo y las pensiones para la vejez ; Lo que corresponde hacer a los profesores españoles
530 _aDisponible en formato digital.
650 4 _aPropiedad rústica-
_zEspaña.
_916497
650 4 _aTrabajadores agrícolas-
_zEspaña.
_917584
650 7 _aProblemas sociales
_2embne
_916415
830 1 _aBiblioteca económica ;
_v4
_9185772
830 1 _aObras completas ;
_v23
_9176447
852 _aES-MaACL
_jD-8857
_cSVI
856 4 _uhttp://bdh-rd.bne.es/viewer.vm?id=0000060917&page=1
_yBiblioteca Digital Hispánica
856 4 _uhttps://repositorio.bde.es/handle/123456789/4312
_yRepositorio Institucional del Banco de España
942 _2udc
999 _c176932
_d176932